Workshop Technology part II / (Record no. 32229)
[ view plain ]
| 000 -LEADER | |
|---|---|
| fixed length control field | 00530nam a22002177a 4500 |
| 003 - CONTROL NUMBER IDENTIFIER | |
| control field | Nust |
| 005 - DATE AND TIME OF LATEST TRANSACTION | |
| control field | 20211228153031.0 |
| 008 - FIXED-LENGTH DATA ELEMENTS--GENERAL INFORMATION | |
| fixed length control field | 170123b xxu||||| |||| 00| 0 eng d |
| 020 ## - INTERNATIONAL STANDARD BOOK NUMBER | |
| International Standard Book Number | 8185617813 |
| 038 ## - RECORD CONTENT LICENSOR | |
| Staff Name | Khadija |
| 040 ## - CATALOGING SOURCE | |
| Transcribing agency | c |
| 082 ## - DEWEY DECIMAL CLASSIFICATION NUMBER | |
| Classification number | 670.4223 |
| Author Mark | CHA |
| 100 ## - MAIN ENTRY--PERSONAL NAME | |
| Personal name | Chapman, W.A.J. |
| 9 (RLIN) | 87087 |
| 245 ## - TITLE STATEMENT | |
| Title | Workshop Technology part II / |
| Statement of responsibility, etc. | W.A.J. Chapman |
| 250 ## - EDITION STATEMENT | |
| Edition statement | 4th ed. |
| 260 ## - PUBLICATION, DISTRIBUTION, ETC. | |
| Place of publication, distribution, etc. | New Delhi : |
| Name of publisher, distributor, etc. | Viva Books, |
| Date of publication, distribution, etc. | 2004. |
| 300 ## - PHYSICAL DESCRIPTION | |
| Extent | 339 p. ; |
| Dimensions | 21 cm. |
| 500 ## - GENERAL NOTE | |
| General note | paperback |
| 563 ## - BINDING INFORMATION | |
| Binding note | PB |
| 942 ## - ADDED ENTRY ELEMENTS (KOHA) | |
| Koha item type | Book |
| Source of classification or shelving scheme | |
| Withdrawn status | Lost status | Source of classification or shelving scheme | Damaged status | Not for loan | Permanent Location | Current Location | Shelving location | Date acquired | Total Checkouts | Full call number | Barcode | Date last seen | Date last checked out | Price effective from | Koha item type |
|---|---|---|---|---|---|---|---|---|---|---|---|---|---|---|---|
| School of Mechanical & Manufacturing Engineering (SMME) | School of Mechanical & Manufacturing Engineering (SMME) | Text Books | 11/19/2015 | 1 | 670.4223 CHA | SMME-1728 | 02/15/2022 | 02/14/2022 | 11/19/2015 | Book | |||||
| School of Mechanical & Manufacturing Engineering (SMME) | School of Mechanical & Manufacturing Engineering (SMME) | Text Books | 11/19/2015 | 670.4223 CHA | SMME-1729 | 03/29/2018 | 11/19/2015 | Book | |||||||
| School of Mechanical & Manufacturing Engineering (SMME) | School of Mechanical & Manufacturing Engineering (SMME) | Text Books | 11/19/2015 | 670.4223 CHA | SMME-1730 | 03/29/2018 | 11/19/2015 | Book | |||||||
| School of Mechanical & Manufacturing Engineering (SMME) | School of Mechanical & Manufacturing Engineering (SMME) | Text Books | 11/19/2015 | 670.4223 CHA | SMME-1731 | 03/29/2018 | 11/19/2015 | Book | |||||||
| School of Mechanical & Manufacturing Engineering (SMME) | School of Mechanical & Manufacturing Engineering (SMME) | Text Books | 01/23/2017 | 670.4223 CHA | SMME-778 | 03/15/2018 | 01/23/2017 | Book |
